01500nam a22002177a 45000010005000000030006000050050017000110080041000280200018000690400029000870500014001160820012001301000032001422450036001742500009002102600038002193000023002575200960002806500020012406500022012605457FISKH20241209144037.0241209b cb ||||| |||| 00| 0 eng d a9789046112731 aFISKHbengcFISKHdFISKH aPR6056.L4 a823.914 aFleming, Iand(1908–1964) aLive and let die /cIan Fleming a2007 aLondon :bZwarte Beertjes,c2007. a239 pages :c18 cm aFiction. Thriller. HTML: When Agent 007 goes to Harlem, it's not just for the jazz. Harlem is the kingdom of Mr. Big, voodoo baron, black master of crime, and senior partner in SMERSH's grim company of death. As gold coins from a Jamaican pirate hoard start turning up in pawnshops in Harlem, M suspects the treasure is being used to finance SMERSH activity in America. Agent 007 is sent to New York to uncover Mr. Big's criminal operation. Those Mr. Big cannot possess he crushes; those who cross him will meet painful ends, like his beautiful prisoner, Solitaire, and her lover, James Bond. Both are marked as victims in a trail of terror, treachery, and torture that leads from New York's black underworld to the shark-infested island in the sun that Mr. Big calls his own. Bond realizes Big is one of the most dangerous men that he has ever faced, and no one, not even the mysterious Solitaire, can be sure how their battle of wills is going to end. 2AdventureaBond 2ThrilleraFiction